|
|
|
|
| LEADER |
00000cam a22000004a 4500 |
| 001 |
musev2_891 |
| 003 |
MdBmJHUP |
| 005 |
20230905040136.0 |
| 006 |
m o d |
| 007 |
cr||||||||nn|n |
| 008 |
090904s2010 nju o 00 0 eng d |
| 010 |
|
|
|z 2009036235
|
| 020 |
|
|
|a 9780813549798
|
| 020 |
|
|
|z 9780813547510
|
| 020 |
|
|
|z 0813549795
|
| 020 |
|
|
|z 0813547512
|
| 035 |
|
|
|a (OCoLC)769927198
|
| 040 |
|
|
|a MdBmJHUP
|c MdBmJHUP
|
| 043 |
|
|
|a n-us-nc
|
| 050 |
0 |
4 |
|a F264.F28
|b B33 2010
|
| 082 |
0 |
|
|a 305.8009756/373
|2 22
|
| 100 |
1 |
|
|a Baca, George.
|
| 245 |
1 |
0 |
|a Conjuring Crisis :
|b Racism and Civil Rights in a Southern Military City /
|c George Baca.
|
| 264 |
|
1 |
|a New Brunswick, N.J. :
|b Rutgers University Press,
|c 2010.
|
| 264 |
|
3 |
|a Baltimore, Md. :
|b Project MUSE,
|c 2012
|
| 264 |
|
4 |
|c ©2010.
|
| 300 |
|
|
|a 1 online resource (210 pages).
|
| 336 |
|
|
|a text
|b txt
|2 rdacontent
|
| 337 |
|
|
|a computer
|b c
|2 rdamedia
|
| 338 |
|
|
|a online resource
|b cr
|2 rdacarrier
|
| 504 |
|
|
|a Includes bibliographical references and index.
|
| 588 |
|
|
|a Description based on print version record.
|
| 650 |
|
0 |
|a Urban policy
|z North Carolina
|z Fayetteville.
|
| 650 |
|
0 |
|a Urban poor
|x Government policy
|z North Carolina
|z Fayetteville.
|
| 650 |
|
0 |
|a Racism
|z North Carolina
|z Fayetteville.
|
| 651 |
|
0 |
|a Fayetteville (N.C.)
|x Economic policy.
|
| 651 |
|
0 |
|a Fayetteville (N.C.)
|x Politics and government.
|
| 651 |
|
0 |
|a Fayetteville (N.C.)
|x Race relations
|x Political aspects.
|
| 655 |
|
7 |
|a Electronic books.
|2 local
|
| 710 |
2 |
|
|a Project Muse.
|e distributor
|
| 830 |
|
0 |
|a Book collections on Project MUSE.
|
| 856 |
4 |
0 |
|z Texto completo
|u https://projectmuse.uam.elogim.com/book/891/
|
| 945 |
|
|
|a Project MUSE - Custom Collection
|
| 945 |
|
|
|a Project MUSE - 2010 US Regional Studies, South
|
| 945 |
|
|
|a Project MUSE - 2010 Complete
|